| 000 | 00375nam a2200133Ia 4500 | ||
|---|---|---|---|
| 008 | 230917s9999||||xx |||||||||||||| ||und|| | ||
| 040 |
_e107120 _aMAIN |
||
| 041 | _aEnglish | ||
| 082 | _a373 S61C | ||
| 100 | _aSuman | ||
| 245 | 0 | _aComparative study of the personality trails of adolescent boys and girls of working and non-working mothers | |
| 300 | _a80 p. | ||
| 942 | _cTH | ||
| 999 |
_c124232 _d124232 |
||